Actors who worked with Renny Harlin - Statistics

General Stats
  • This quiz has been taken 7 times
  • The average score is 13 of 100
Answer Stats
Film(s) Answer % Correct
Deep Blue Sea, Cleaner Samuel L. Jackson
100%
Die Hard 2 Bruce Willis
80%
Cutthroat Island, The Long Kiss Goodnight Geena Davis
80%
The Long Kiss Goodnight, Deep Blue Sea, Mindhunters LL Cool J
80%
A Nightmare on Elm Street 4: The Dream Master Robert Englund
80%
Mindhunters Christian Slater
60%
Cliffhanger John Lithgow
60%
The Legend of Hercules Kellan Lutz
60%
Cliffhanger, Driven Sylvester Stallone
60%
The Long Kiss Goodnight Brian Cox
40%
The Long Kiss Goodnight David Morse
40%
Cleaner Ed Harris
40%
Cleaner Eva Mendes
40%
12 Rounds John Cena
40%
Cutthroat Island Matthew Modine
40%
Cliffhanger Michael Rooker
40%
Deep Blue Sea, Exorcist: The Beginning Stellan Skarsgård
40%
Mindhunters, 5 Days of War Val Kilmer
40%
The Bricklayer, Deep Water Aaron Eckhart
20%
12 Rounds Aidan Gillen
20%
5 Days of War Andy García
20%
12 Rounds Brian J. White
20%
Mindhunters, The Bricklayer Clifton Collins Jr.
20%
Die Hard 2 Franco Nero
20%
Deep Blue Sea Jacqueline McKenzie
20%
Deep Blue Sea Michael Rapaport
20%
The Misfits Pierce Brosnan
20%
Deep Blue Sea Saffron Burrows
20%
The Legend of Hercules Scott Adkins
20%
Driven Til Schweiger
20%
Die Hard 2 William Sadler
20%
Prison André De Shields
0%
The Adventures of Ford Fairlane Andrew Dice Clay
0%
Deep Water Angus Sampson
0%
12 Rounds Ashley Scott
0%
Deep Water Ben Kingsley
0%
Die Hard 2 Bonnie Bedelia
0%
Driven Brent Briscoe
0%
A Nightmare on Elm Street 4: The Dream Master Brooke Theiss
0%
The Covenant Chace Crawford
0%
Die Hard 2 Colm Meaney
0%
The Long Kiss Goodnight Craig Bierko
0%
A Nightmare on Elm Street 4: The Dream Master Danny Hassel
0%
The Adventures of Ford Fairlane Ed O'Neill
0%
Mindhunters Eion Bailey
0%
5 Days of War Emmanuelle Chriqui
0%
Driven Estella Warren
0%
Cutthroat Island Frank Langella
0%
The Legend of Hercules Gaia Weiss
0%
The Adventures of Ford Fairlane Gilbert Gottfried
0%
Driven Gina Gershon
0%
5 Days of War Heather Graham
0%
The Misfits Hermione Corfield
0%
Exorcist: The Beginning Izabella Scorupco
0%
Skiptrace Jackie Chan
0%
Exorcist: The Beginning James D'Arcy
0%
The Misfits Jamie Chung
0%
Cliffhanger Janine Turner
0%
The Covenant Jessica Lucas
0%
5 Days of War Johnathon Schaech
0%
Skiptrace Johnny Knoxville
0%
Mindhunters Jonny Lee Miller
0%
Cleaner Jose Pablo Cantillo
0%
Mindhunters Kathryn Morris
0%
Cleaner Keke Palmer
0%
Deep Water Kelly Gale
0%
Driven Kip Pardue
0%
The Covenant Laura Ramsey
0%
The Adventures of Ford Fairlane Lauren Holly
0%
A Nightmare on Elm Street 4: The Dream Master Lisa Wilcox
0%
Cleaner Luis Guzmán
0%
The Strangers: Chapter 1, The Strangers: Chapter 2, The Strangers: Chapter 3 Madelaine Petsch
0%
Deep Water Madeleine West
0%
Cutthroat Island Maury Chaykin
0%
The Misfits Mike Angelo
0%
The Misfits Nick Cannon
0%
The Bricklayer Nina Dobrev
0%
Cutthroat Island, The Long Kiss Goodnight Patrick Malahide
0%
Cliffhanger Paul Winfield
0%
The Adventures of Ford Fairlane Priscilla Presley
0%
Die Hard 2 Reginald VelJohnson
0%
Cliffhanger Rex Linn
0%
Die Hard 2 Robert Costanzo
0%
Cleaner Robert Forster
0%
Die Hard 2 Robert Patrick
0%
Driven Robert Sean Leonard
0%
5 Days of War Rupert Friend
0%
The Covenant Sebastian Stan
0%
The Covenant Steven Strait
0%
The Covenant Taylor Kitsch
0%
The Bricklayer Tim Blake Nelson
0%
The Misfits Tim Roth
0%
The Covenant Toby Hemingway
0%
Prison Tommy Lister Jr.
0%
A Nightmare on Elm Street 4: The Dream Master Tuesday Knight
0%
Prison Viggo Mortensen
0%
The Adventures of Ford Fairlane Wayne Newton
0%
The Covenant Wendy Crewson
0%
Die Hard 2 William Atherton
0%
Mindhunters Will Kemp
0%
No matching quizzes found
Score Distribution
Percent of People with Each Score
Percentile by Number Answered
Your Score History
You have not taken this quiz